01546nam a2200361 a 4500001001300000003000900013005001700022008004100039020001800080040002800098082002300126245015700149250003300306260006100339300005900400504002900459650003100488650003300519650003600552650004100588700005300629700004600682700004500728700004900773700003800822700003600860700004700896700004500943700003100988942001201019999001701031952013601048C01468364c-2CO-ViMGA20230915225026.0150115s2013 ck gr 00010 spa d a9789582011185 aCO-ViMGAbspacCO-ViMGA04a370.115 bF45 22000aFilosofía para niños : bpráctica educativa y contexto social /cAngélica Sátiro, Beatriz Fabiana Olarieta, Carlos G. Juliao Vargas [y otros]. aVictor Andrés Rojas (Ed.). aBogotá : bEditorial Magisterio : bUniminuto, c2013. a193 páginas : bilustraciones, gráficos ; c24 cm. aIncluye bibliografías.14aEducación cívica.947314aEducación de niños.956914aFilosofíax Enseñanza.956814aSociología de la educación.95671 aCastañeda Vargas, José Alberto, d1978-95751 aGarcía Moriyón, Félix, d1950-95741 aGarza Camino, María Teresa de la.95771 aJuliao Vargas, Carlos Germán, d1952-95721 aLago Bornstein, Juan Carlos.95761 aOlarieta, Beatriz Fabiana.95711 aPineda Rivera, Diego Antonio, d1961-95731 aRojas, Víctor Andrés, eeditor.95781 aSátiro, Angélica.9570 2ddccBK c12097d12097 00102ddc40708003aMEVIECARbMEVIECARd2015-12-03l1m2o370.115 F45p29185r2017-11-03 00:00:00s2017-10-12t1w2015-12-03yBK